| 000 | 00670nam a2200217 a 4500 | ||
|---|---|---|---|
| 001 | 6598 | ||
| 003 | CO-ViMGA | ||
| 008 | 141112s2004 ck r 000 u spa d | ||
| 040 |
_aCO-ViMGA _bspa _cCO-ViMGA |
||
| 082 | 0 | 4 | _a986.1 D317 |
| 100 | 1 |
_aDeas, Malcolm _95457 |
|
| 245 | 1 | 0 | _aDel poder y la gramática y otros ensayos sobre historia, política y literatura colombianas |
| 260 |
_aSantafé de Bogotá : _bTercer Mundo, _c1993 |
||
| 300 | _a346 p | ||
| 490 | _aHistoria | ||
| 590 | _aEjemplares : 2 | ||
| 650 | 1 | 4 | _aCOLOMBIA - HISTORIA |
| 650 | 1 | 4 |
_aENSAYOS - HISTORIA _95458 |
| 650 | 1 | 4 |
_aVARGAS VILA JOSE MARIA - CRITICA E INTERPRETACION _95459 |
| 942 |
_2ddc _cBK |
||
| 999 |
_c18567 _d18567 |
||